000 00711cab a2200265 4500
001 ABS54702
008 090401t1996 xxu||||| |||| 00| 0 eng d
035 _a(Sirsi) u11870
041 _aeng
100 _aNother, B.
245 _aLooking after earth buildings
260 _c1996
350 _a0
490 _aContext
_v(49) March 1996, 22-23(2)
520 _aOffers practical advice on caring for and repairing cob clay-lump and similiar earth buildings. References.
650 _aCLAY BUILDINGS
650 _aCLAY-LUMP
650 _aCOB WALLING
650 _aEARTH BUILDINGS
650 _aREPAIR METHODS
650 _aREPAIRS
690 _aCONSERVATION
942 _n0
948 _c04/03/1997
999 _c7586
_d7586